000 01053nam a2200229 i 4500
001 161297
003 ES-MaACL
005 20250921063036.0
008 990129s1890 sp |||| | spa d
080 _a821.134.2-14"18"
100 1 _aPalau y Catalá, Melchor de,
_d1843-1910
_9130794
245 1 0 _aVerdades poéticas /
_cMelchor de Palau.
250 _a3ª ed. aum. e il. /
_bcon prólogo de Don José R. Carracido.
260 _aMadrid :
_b[s.n.],
_c1890 (
_fTip. de los Huérfanos)
300 _a80 p. ;
_c20 cm.
530 _aDisponible en formato digital.
700 1 _aRodríguez Carracido, José,
_d1856-1928
_998407
852 4 _aES-MaACL
_jT-581-F-3
_z- Enc. hol. conservando cub. original
_z- Enc. en un vol. facticio
_z- Dedicatoria autógrafa del autor
852 4 _aES-MaACL
_jT-1114-F-1
_z- Enc. hol. conservando cub. original
_z- Enc. en un vol. facticio
_z- Dedicatoria autógrafa del autor
856 4 _uhttps://mdc.csuc.cat/digital/collection/fulletsAB/id/13124
_zAteneu Barcelonès
999 _c161297
_d161297